00213nam a22000977a 4500008004100000041000800041080000700049100000700056101000800063245004400071180201b xxu||||| |||| 00| 0 eng d aeng a37 a48 aedu ato teacher if your tryingcmarjore,f